| 000 | 02088cam a2200301 a 4500 | ||
|---|---|---|---|
| 001 | 4469858 | ||
| 005 | 20231002091242.0 | ||
| 008 | 960228s1996 nyua b 001 0 eng | ||
| 010 | _a 96010943 | ||
| 020 | _a0471133027 (cloth : acidfree paper) | ||
| 040 |
_aDLC _cDLC _dDLC |
||
| 050 | 0 | 0 |
_aTK5103 _b.F68 1996 |
| 082 | 0 | 0 |
_a621.382,FRE _220 |
| 100 | 1 |
_aFreeman, Roger L. _957174 |
|
| 245 | 1 | 0 |
_aTelecommunication system engineering / _cRoger L. Freeman. |
| 250 | _a4th ed. | ||
| 260 |
_aNew York : _bWiley, _cc2004 |
||
| 300 |
_axxii, 1023 p. : _bill. ; _c24 cm. |
||
| 440 | 0 |
_aWiley series in telecommunications and signal processing _9728 |
|
| 505 | _aBasic Telephony (Page-1), Local Networks (Page-41), Switching in an Analog Environment (Page-73), Signaling for Analog Telephone Networks (Page-111), Introduction to Transmission for Telephony (Page-139), Long-Distance Networks (Page-157), The Design of Long-Distance Links (Page-185), Digital Transmission Systems (Page-261), Digital Switching and Networks (Page-317), Introduction to Data Communications (Page-365), Data Networks and their Operation(Page- 409), Voice-Over IP (Page-483), Local Area Networks (Page-501), Integrated Services Digital Networks (Page-565), Speeding Things Up with Frame Relay (Page-603),The Asynchronous Transfer Mode (ATM) and Broadband ISDN (Page-631), CCITT Signaling System No. 7 (Page-681), Wireless and Cellular/Mobile Radio (Page-737), Last-Mile Broadband Connectivity and Wireless Local Loop (WLL) (Page-805), Optical Networking (Page-835),Network Management (Page-871). | ||
| 650 | 0 |
_aTelecommunication systems _xDesign and construction. _9104470 |
|
| 650 | 0 |
_aTelephone systems _xDesign and construction. _9104471 |
|
| 856 | 4 | 2 |
_3Contributor biographical information _uhttp://www.loc.gov/catdir/bios/wiley042/96010943.html |
| 856 | 4 | 2 |
_3Publisher description _uhttp://www.loc.gov/catdir/description/wiley034/96010943.html |
| 856 | 4 |
_3Table of Contents _uhttp://www.loc.gov/catdir/toc/onix05/96010943.html |
|
| 906 |
_a7 _bcbc _corignew _d1 _eocip _f19 _gy-gencatlg |
||
| 942 |
_2ddc _cBK |
||
| 999 |
_c592631 _d592631 |
||